000 00948nam a2200265Ia 4500
003 OSt
005 20221005112407.0
006 a|||||r|||| 00| 0
007 ta
008 221004b |||||||| |||| 00| 0 pan d
020 _a9789381316719
_c150
024 _a117455
037 _b562, 02/02/2012, H.K. Prakashan
_cTextual
040 _aCRL
_cCRL
_bpan
041 _2pan
_apan
082 _aO153,3NKA1,MK, Q2
100 _aਜੋਗਿੰਦਰ ਸਿੰਘ, ਕੈਰੋ੍ਵ
245 0 _aਮੌਤ ਇੱਕ ਦਰਿਆ ਦੀ
260 _aਸਮਾਣਾ
_bਸੰਗਮ ਪਬਲੀਕੇਨਗ਼ ਭਾਰਤ
_c2012
300 _a152ਪੰ
_ccm.
650 _a ਪੰਜਾਬੀ ਨਾਵਲ
650 _aਪੰਜਾਬੀ ਸਾਹਿਤ
942 _hO153,3NKA1,MK, Q2
_cTEXL
_2cc
999 _c1024743
_d1024743